01439nam a2200205 i 450000100060000000300090000600500170001500700030003200800410003510000510007624501060012726000540023330000470028750506510033470000490098570000300103485200310106499900170109595201210111221822ES-MaACL20250821111909.0t|021128s1943 sp ||||1| spa d1 aAlarcón, Pedro Antonio de,d1833-189191913410aObras completas / cde Pedro A. de Alarcón ; con un comento preliminar por Luis Martínez Kleiser. aMadrid : bFax, c[1943] (fSucs. de Rivadeneyra) aXXXII, 1919 p. : b1 retr. aut. ; c20 cm.8 aContiene: Un viaje por el interio de su alma y a lo largo de su vida. Historia de mis libros. Novelas cortas (I): cuentos amatorios. Novelas cortas (II): historietas nacionales. Novelas cortas (III): narraciones inverosímiles. Poesías seriadas y humorísticas. El hijo pródigo. El final de Norma. El sombrero de tres picos. El escándalo. El niño de la bola. El capitán Veneno. La pródiga. Diario de un testigo de la guerra de Africa. Viajes por España. De Madrid a Nápoles. La Alpujarra. Cosas que fueron. Juicios literarios y artísticos. Ultimos escritos. Biografía de Don Pedro Antonio de Alarcón / por Mariano Catalina1 aMartínez Kleiser, Luis, d1883-19719781661 aCatalina, Mariano.937037 aES-MaACLjD-4705 bR.28529 c21822d21822 00104070aATENEOMbATENEOMcSVId2008-01-17eSCl0oD-4705p901022429r2023-02-23 00:00:00w2023-02-23yMONOGRAFIA